|
|
|
|
| LEADER |
01482nam a22003017a 4500 |
| 001 |
45403 |
| 003 |
BD-DhAAL |
| 005 |
20260302140616.0 |
| 008 |
260302t2003 enk||||| |||| 00| 0 eng d |
| 020 |
|
|
|a 9780099442165
|
| 040 |
|
|
|a BD-DhAAL
|c BD-DhAAL
|
| 082 |
0 |
4 |
|a 823.912
|2 21
|
| 100 |
1 |
|
|a Woolf, Virginia,
|d 1882-1941.
|
| 240 |
1 |
0 |
|a Short stories.
|
| 245 |
1 |
2 |
|a A haunted house :
|b the complete shorter fiction /
|c Virginia Woolf ; edited by Susan Dick ; with an introduction by Helen Simpson.
|
| 260 |
|
|
|a London :
|b Vintage books,
|c 2003.
|
| 300 |
|
|
|a xiv, 312 pages ;
|c 20 cm.
|
| 490 |
1 |
|
|a Vintage classics
|
| 500 |
|
|
|a Originally published as: The complete shorter fiction of
Virginia Woolf. London : Hogarth, 1989. - Previous ed. published as: The complete shorter fiction. 1985.
|
| 541 |
|
|
|a Donated by Farhana Zahir (Assistant Professor, BBS, BRAC University)
|e 45403
|
| 650 |
|
0 |
|a Short stories, English.
|
| 650 |
|
7 |
|a Short stories, English.
|
| 700 |
|
1 |
|a Dick, Susan.
|9 60340
|
| 700 |
|
1 |
|a Simpson, Helen.
|9 60341
|
| 830 |
|
0 |
|a Vintage classics
|9 60342
|
| 942 |
|
|
|2 ddc
|c BK
|
| 999 |
|
|
|c 47740
|d 47740
|
| 952 |
|
|
|0 0
|1 0
|2 ddc
|4 0
|6 823_912000000000000_WOO
|7 0
|9 78833
|a BRACUL
|b BRACUL
|c NEW
|d 2026-03-02
|e Donated by Farhana Zahir, Assistant Professor, BRAC Business School, BRAC University
|l 1
|m 3
|o 823.912 WOO
|p 3010045403
|r 2026-04-23
|s 2026-03-29
|t 1
|w 2026-03-02
|y BK
|x Donated by Farhana Zahir, Assistant Professor, BRAC Business School, BRAC University on 17 February 2026;MRP 599
|